[Event "TUR-ch U07/12"]
[Site "Antalya"]
[Date "2023.01.27"]
[Round "9"]
[White "Uysal, Kerem"]
[Black "Zor, Emir Aras"]
[Result "0-1"]
[WhiteElo "1303"]
[BlackElo "1460"]
[PlyCount "53"]
[EventDate "2023.01.17"]
[EventType "swiss"]
[EventRounds "10"]
[EventCountry "TUR"]
[SourceTitle "EXT 2024"]
[Source "ChessBase"]
[SourceDate "2023.10.10"]
[SourceVersion "1"]
[SourceVersionDate "2023.10.10"]
[SourceQuality "1"]

1. e4 e5 2. Nf3 Nc6 3. Bc4 Bc5 4. c3 Nf6 5. d3 d6 6. Bb3 0-0 7. h3 h6 8. Nbd2 Be6 9. Nf1 Bxb3 10. axb3 d5 11. Qe2 dxe4 12. dxe4 Qd7 13. Ng3 Rad8 14. b4 Bb6 15. Be3 Bxe3 16. fxe3 a6 17. 0-0 Qe6 18. Nh4 g6 19. Qf3 Ne8 20. Rad1 Nd6 21. Rf2 Qe7 22. Qf6 Qxf6 23. Rxf6 Nc4 24. Rb1 Nxe3 25. Kf2 Rd1 26. Ke2 Rfd8 27. b5 0-1

[Event "TUR-ch U07/12"]
[Site "Antalya"]
[Date "2023.01.25"]
[Round "6"]
[White "Zor, Emir Aras"]
[Black "Tuna, Kaan Arda"]
[Result "1-0"]
[WhiteElo "1460"]
[BlackElo "1117"]
[PlyCount "59"]
[EventDate "2023.01.17"]
[EventType "swiss"]
[EventRounds "10"]
[EventCountry "TUR"]
[SourceTitle "EXT 2024"]
[Source "ChessBase"]
[SourceDate "2023.10.10"]
[SourceVersion "1"]
[SourceVersionDate "2023.10.10"]
[SourceQuality "1"]

1. Nf3 Nf6 2. d4 c5 3. c4 e6 4. Nc3 Be7 5. e4 cxd4 6. Nxd4 d6 7. Be2 a6 8. Be3 Qc7 9. 0-0 Nbd7 10. Rc1 b6 11. b4 Bb7 12. f3 Rd8 13. Kh1 Qb8 14. g4 h6 15. Rg1 d5 16. exd5 exd5 17. cxd5 Bxb4 18. Nc6 Bxc6 19. dxc6 Nc5 20. Qe1 Kf8 21. Qh4 Re8 22. g5 Bxc3 23. Rxc3 Nd5 24. gxh6 g6 25. Bxc5+ bxc5 26. Rxc5 Rxe2 27. Rxd5 Qc7 28. Qd8+ Qxd8 29. Rxd8+ Re8 30. c7 1-0

[Event "TUR-ch U07/12"]
[Site "Antalya"]
[Date "2023.01.23"]
[Round "2"]
[White "Zor, Emir Aras"]
[Black "Atessahin, Batuhan"]
[Result "1-0"]
[WhiteElo "1460"]
[BlackElo "1015"]
[PlyCount "83"]
[EventDate "2023.01.17"]
[EventType "swiss"]
[EventRounds "10"]
[EventCountry "TUR"]
[SourceTitle "EXT 2024"]
[Source "ChessBase"]
[SourceDate "2023.10.10"]
[SourceVersion "1"]
[SourceVersionDate "2023.10.10"]
[SourceQuality "1"]

1. e4 c5 2. Nc3 e6 3. Nge2 Nc6 4. d4 cxd4 5. Nxd4 Bc5 6. Nxc6 bxc6 7. Bd3 Qf6 8. 0-0 Ne7 9. Kh1 Bd4 10. Bd2 0-0 11. f4 d6 12. Rb1 Bd7 13. Ne2 Bxb2 14. e5 dxe5 15. Rxb2 e4 16. Bc3 Qg6 17. Bc4 Rfd8 18. Ba5 Nf5 19. Rb3 Rdb8 20. Qxd7 Rxb3 21. Bxb3 Ne3 22. Ng3 Nxf1 23. Nxf1 Qf5 24. Bc7 Qb5 25. Qd1 Rc8 26. Be5 Qb6 27. Qg4 g6 28. Qh4 Qd8 29. Qh6 Qf8 30. Qxf8+ Kxf8 31. Bd6+ Ke8 32. c4 c5 33. Kg1 Kd7 34. Be5 Ke7 35. Kf2 Rd8 36. Ke3 f5 37. Bc2 Kf7 38. Nd2 Rc8 39. Nb3 Rc6 40. Bb2 Ra6 41. Nxc5 Rxa2 42. Na4 1-0